=LDR 00000nam 2200000 4500 =001 INLIS000000000024359 =005 20130612122942 =008 ***********************************Ind** =035 ##$$0010-061300000024359 =041 ##$$a Ind =082 ##$$a 346 =090 ##$$a 346, Soe j =100 ##$$a Soedjono, Wiwoho =245 ##$$a Seri hukum dagang, Bunga rampai, Wiwoho Soedjono =260 ##$$a 1989 $b Yogyakarta =300 ##$$a 133 hlm, 21 cm =650 ##$$a Hukum Dagang =850 ##$$a NBPNMAT